00928cam a22002171a 4500001000400000003001000004005001700014008004100031020001800072040002500090080001600115245027500131260003800406300002700444504002500471650003400496650003200530700004100562700005000603700005700653284BR-CuiBMT20231113234824.0230919s2010 mgba 000 0 por d a9788577003679 aBR-CuiBMTcBR-CuiBMT 22007a342.700aDireitos fundamentais em construção :bestudos em homenagem ao Ministro Carlos Ayres Britto /cMárcia Rodrigues Bertoldi, Kátia Cristine Santos de Oliveira, coordenadores ; prefácio Valmir Pontes Filho ; [autores Carlos Augusto Alcântara Machado ... et al.]. aBelo Horizonte :bFórum,c2010. a440 p. :bil. ;c24 cm aInclui bibliografia. aDireitos fundamentaiszBrasil aDignidade (Direito)zBrasil1 aBertoldi, Márcia Rodrigues4coord.1 aOliveira, Kátia Cristine Santos de 4coord.1 aMachado, Carlos Augusto Alcântaraeet al.eautores